Vince Staples Discography - Statistics

General Stats
  • This quiz has been taken 40 times
  • The average score is 4 of 8
Answer Stats
Year Name Type % Correct
2017 Big Fish Theory Album
100%
2015 Summertime '06 Album
85%
2016 Prima Donna EP
73%
2014 Hell Can Wait EP
58%
2013 Stolen Youth Mixtape (Collab)
36%
2014 Shyne Coldchain II Mixtape
33%
2011 Shyne Coldchain Vol. 1 Mixtape
33%
2012 Winter in Prague Mixtape
24%
No matching quizzes found
Score Distribution
Percent of People with Each Score
Percentile by Number Answered
Your Score History
You have not taken this quiz